000 00854nam a2200241 i 4500
001 12702
003 ES-MaACL
005 20230906150357.0
007 t|
008 920914s1989 sp ||||0| spa d
016 7 _zCHM920002361
040 _aCHM
_bspa
_cCHM
080 _a964"17"
100 1 _aLourido Díaz, Ramón.
_974330
245 1 0 _aMarruecos en la segunda mitad del siglo XVIII
_b: vida interna: política, social y religiosa durante el sultanato de Sidi Muhammad B. 'Abd Allah, 1757-1790 /
_cRamón Lourido Díaz.
260 _aMadrid :
_bInstituto Hispano-Arabe de Cultura,
_c1978.
300 _a386 p. ;
_c24 cm.
500 _aIndices.
504 _aBibliografía: p. 359-367.
651 4 _aMarruecos-
_xHistoria-
_yS.XVIII.
_99030
710 2 _aInstituto Hispano-Árabe de Cultura.
_9162165
852 _aES-MaACL
_jL-20041
_bR.116966
999 _c12702
_d12702